000 00426cam a2200181 4500
001 D11906
008 090401t1928 xxu||||| |||| 00| 0 eng d
035 _a(Sirsi) u219
041 _aeng
100 _aAdkin, B. W.
245 2 _aA handbook of the law relating to landlord and tenant
250 _a7th rev
260 _bEstates Gazette
_c1928
350 _a0
520 _aShelf 113
942 _n0
948 _c04/03/1997
999 _c85489
_d85489